[Event "CAN-ch U12 Girls"]
[Site "Victoria"]
[Date "2009.07.23"]
[Round "6"]
[White "Hou, Qian Qian"]
[Black "Peng, Jackie"]
[Result "0-1"]
[WhiteElo "1331"]
[BlackElo "1530"]
[PlyCount "112"]
[EventDate "2009.07.21"]
[EventType "swiss"]
[EventRounds "7"]
[EventCountry "CAN"]
[SourceTitle "EXT 2011"]
[Source "ChessBase"]
[SourceDate "2010.11.26"]
[SourceVersion "1"]
[SourceVersionDate "2010.11.26"]
[SourceQuality "1"]

1. d4 d5 2. c4 c6 3. Nc3 Nf6 4. Nf3 e6 5. Bg5 Nbd7 6. e3 Qa5 7. a3 dxc4 8. Bxc4 Ne4 9. Rc1 Nxg5 10. Nxg5 Qxg5 11. 0-0 Bd6 12. g3 0-0 13. Ne4 Qe7 14. Nxd6 Qxd6 15. Re1 Nf6 16. Bf1 Bd7 17. Bg2 Rad8 18. e4 e5 19. f4 Qxd4+ 20. Qxd4 exd4 21. Red1 Be6 22. f5 Bc8 23. Rc4 Rd7 24. Rcxd4 Rfd8 25. Rxd7 Rxd7 26. Re1 Re7 27. h3 Bxf5 28. e5 Nd7 29. g4 Nxe5 30. Re2 Bd7 31. g5 h6 32. h4 hxg5 33. hxg5 f6 34. gxf6 gxf6 35. Kf2 f5 36. Kg3 Rf7 37. Kf4 Ng6+ 38. Kg5 Rg7 39. Kf6 Nf8 40. Bf3 Rg6+ 41. Ke5 Re6+ 42. Kf4 Rf6 43. Kg5 Nh7+ 44. Kf4 Be6 45. b4 Rf7 46. Rg2+ Kf8 47. Ke5 Ke7 48. Bh5 Nf6 49. Bxf7 Kxf7 50. Rb2 a6 51. a4 Bd7 52. Rc2 Ke7 53. b5 axb5 54. axb5 Ng4+ 55. Kd4 Kf6 56. bxc6 Bxc6 0-1

[Event "CAN-ch U12 Girls"]
[Site "Victoria"]
[Date "2009.07.21"]
[Round "1"]
[White "Hou, Qian Qian"]
[Black "Foote, Joanne"]
[Result "0-1"]
[WhiteElo "1331"]
[BlackElo "1345"]
[PlyCount "96"]
[EventDate "2009.07.21"]
[EventType "swiss"]
[EventRounds "7"]
[EventCountry "CAN"]
[SourceTitle "EXT 2011"]
[Source "ChessBase"]
[SourceDate "2010.11.26"]
[SourceVersion "1"]
[SourceVersionDate "2010.11.26"]
[SourceQuality "1"]

1. d4 e6 2. c4 d5 3. Nc3 Nf6 4. Bg5 Nbd7 5. Nf3 c6 6. e3 Qa5 7. a3 Be7 8. Bd3 0-0 9. Qc2 Re8 10. 0-0 h6 11. Bh4 dxc4 12. Bxc4 b5 13. Bd3 Bb7 14. Rac1 a6 15. Ne4 Qc7 16. Nxf6+ Nxf6 17. Ne5 Rac8 18. Bg3 c5 19. dxc5 Bxc5 20. b4 Bb6 21. Qxc7 Rxc7 22. Rxc7 Bxc7 23. Rc1 Bb8 24. Be2 Ne4 25. Nd3 Nxg3 26. hxg3 Bd6 27. f4 Be4 28. Nc5 Bxc5 29. bxc5 Bc6 30. Bf3 Rc8 31. g4 Bxf3 32. gxf3 Kf8 33. Kf2 Ke7 34. Ke2 g6 35. Kd3 f6 36. e4 h5 37. e5 hxg4 38. fxg4 f5 39. gxf5 gxf5 40. c6 Kd8 41. Kd4 Kc7 42. Kc5 Rd8 43. Rh1 Rd5+ 44. Kb4 Kxc6 45. Rh6 Rd4+ 46. Kc3 Kd5 47. Rxe6 Rc4+ 48. Kd3 Kxe6 0-1